000 00395cam a2200157ua 4500
041 _aeng
_h
082 _a540
_bFRE/CH
100 _aFrey, Paul R .
245 _aChemistry problems and how to solve them /
_cPaul R Frey.
_hTextual Documents
250 _a5 /
_b.
260 _aNew York :
_bBarnes & Noble ,
_c1958.
300 _a228 ; .
504 _a
942 _cBK
999 _c10957
_d10957